| 000 | 00780nam a2200241Ia 4500 | ||
|---|---|---|---|
| 003 | GCL | ||
| 008 | 140319s9999 xx 000 0 ara d | ||
| 020 | _a7045429953 | ||
| 040 |
_aGCL / _cGCL |
||
| 082 | 0 | 4 |
_a901 _bر ن |
| 100 | 1 | _aرضوان سليم | |
| 245 | 1 | 0 |
_aنظام الزمان العربى : دراسة فى التاريخيات العربية - الاسلامية / _cرضوان سليم |
| 250 | _aالاولى | ||
| 260 |
_aبيروت : _bمركز دراسات الوحدة العربية ، _c2006 |
||
| 300 |
_a208ص ؛ _c24سم |
||
| 650 | 0 | 4 | _aالتاريخ السياسى |
| 650 | 0 | 4 | _aالنبوة |
| 650 | 0 | 4 | _aالنبوات |
| 650 | 0 | 4 | _aالغيبيات |
| 650 | 0 | 4 | _aالوحى |
| 650 | 0 | 4 | _aالتاريخ العربى |
| 942 |
_2ddc _cBK |
||
| 999 |
_c52878 _d52878 |
||